| Tag |
First Indicator |
Second Indicator |
Subfields |
| LEADER |
00000cam a2200000 a 4500 |
| 001 |
in00000009059 |
| 005 |
20151216091901.0 |
| 008 |
870520s1987 txua 00100 eng |
| 010 |
|
|
|a 87007062
|
| 020 |
|
|
|a 0878335226 :
|c $21.95
|
| 035 |
|
|
|a (OCoLC)15860586
|
| 035 |
|
|
|9 AAA3132AM
|
| 040 |
|
|
|a DLC
|c DLC
|d TXA
|d UtOrBLW
|
| 043 |
|
|
|a n-usu--
|
| 049 |
|
|
|a TXAM
|c [A11027761]
|
| 050 |
0 |
0 |
|a SB435.52.S67
|b H37 1987
|
| 082 |
0 |
|
|a 635.9/0975
|2 19
|
| 100 |
1 |
|
|a Hastings, Don
|q (Donald M.)
|
| 245 |
1 |
0 |
|a Trees, shrubs & lawns /
|c [new illustrations by Anne Irene Hurley].
|
| 264 |
|
1 |
|a Dallas, Tex. :
|b Taylor Pub. Co.,
|c [1987]
|
| 264 |
|
4 |
|c ©1987
|
| 300 |
|
|
|a xiv, 349 pages :
|b illustrations (some color) ;
|c 24 cm.
|
| 336 |
|
|
|a text
|b txt
|2 rdacontent
|
| 337 |
|
|
|a unmediated
|b n
|2 rdamedia
|
| 338 |
|
|
|a volume
|b nc
|2 rdacarrier
|
| 490 |
1 |
|
|a Gardening in the South with Don Hastings
|
| 500 |
|
|
|a Includes index.
|
| 650 |
|
0 |
|a Shade trees
|z Southern States.
|
| 650 |
|
0 |
|a Flowering trees
|z Southern States.
|
| 650 |
|
0 |
|a Flowering shrubs
|z Southern States.
|
| 650 |
|
0 |
|a Ornamental shrubs
|z Southern States.
|
| 650 |
|
0 |
|a Lawns
|z Southern States.
|
| 740 |
0 |
|
|a Trees, shrubs, and lawns.
|
| 800 |
1 |
|
|a Hastings, Don
|q (Donald M.).
|t Gardening in the South with Don Hastings.
|
| 999 |
|
|
|a MARS
|
| 999 |
f |
f |
|s b08b1b52-37f4-3ef9-bb79-a7b44fa7191c
|i 04348d2b-2e04-3dbb-8f86-61c17a6084f1
|t 0
|
| 952 |
f |
f |
|p ric
|a Texas A&M University
|b Rellis Campus
|c Joint Library Facility
|d Remote Storage
|t 0
|e SB435.52.S67 H37 1987
|h Library of Congress classification
|i unmediated -- volume
|m A14811027761
|
| 998 |
f |
f |
|a SB435.52.S67 H37 1987
|t 0
|l Remote Storage
|